|
|
|
|
| LEADER |
01042nam a2200265 a 4500 |
| 001 |
2316989 |
| 008 |
090603s1981 cau b 001 0 eng d |
| 010 |
|
|
|a 81081961
|
| 020 |
|
|
|a 0875895034
|
| 040 |
|
|
|a DLC
|c DLC
|d DLC
|
| 082 |
0 |
0 |
|a 001.4/0973
|2 19
|
| 100 |
1 |
|
|a Meyers, William R.
|
| 245 |
1 |
4 |
|a The evaluation enterprise /
|c William R. Meyers.
|
| 250 |
|
|
|a 1st ed.
|
| 260 |
|
|
|a San Francisco :
|b Jossey-Bass,
|c 1981.
|
| 300 |
|
|
|a xvi, 266 p. ;
|c 24 cm.
|
| 490 |
1 |
|
|a The Jossey-Bass social and behavioral science series
|
| 500 |
|
|
|a Subtitle on half title page: A realistic appraisal of evaluation careers, methods, and applications.
|
| 500 |
|
|
|a Includes index.
|
| 504 |
|
|
|a Bibliography: p. 235-253.
|
| 541 |
1 |
|
|e 00002624
|
| 650 |
|
0 |
|a Evaluation
|z United States.
|
| 852 |
4 |
|
|a Ayesha Abed Library
|j General shelf
|
| 999 |
|
|
|c 1264
|d 1264
|
| 952 |
|
|
|0 0
|1 0
|2 ddc
|4 0
|6 001_409730000000000_MEY
|7 0
|9 1149
|a BRACUL
|b BRACUL
|c GEN
|d 2009-06-25
|g 0.00
|l 0
|o 001.40973 MEY
|p 3010002624
|r 2009-06-25
|t 1
|w 2009-06-25
|y BK
|x No price found in the accession register.
|